Signatures de présidents français - Statistiques

Statistiques générales
  • Ce quiz a été pris 579 fois
  • Le résultat moyen est 20 sur 25
Statistiques - réponses
Hint Réponse % Correct
Grévy
Jules Grévy
94%
Sarkozy
Nicolas Sarkozy
94%
Bonaparte
Louis-Napoléon Bonaparte
92%
Carnot
Sadi Carnot
92%
Deschanel
Paul Deschanel
91%
Macron
Emmanuel Macron
90%
Hollande
François Hollande
90%
Mitterand
François Mitterrand
90%
Fallières
Armand Fallières
88%
Giscard d'Estaing
Valéry Giscard d'Estaing
88%
Millerand
Alexandre Millerand
87%
Casimir-Perier
Jean Casimir-Perier
86%
Grévy
René Coty
85%
Doumergue
Gaston Doumergue
84%
Faure
Félix Faure
79%
Poincaré
Raymond Poincaré
78%
Thiers
Adolphe Thiers
77%
Lebrun
Albert Lebrun
70%
Auriol
Vincent Auriol
70%
Loubet
Émile Loubet
67%
Patrice de Mac Mahon
57%
de Gaulle
Charles de Gaulle
56%
Doumer
Paul Doumer
54%
Pompidou
Georges Pompidou
50%
Chirac
Jacques Chirac
41%
Aucun quiz correspondant
Distribution des résultats
% des personnes avec chaque résultat
Percentile par nombre de réponses
Votre historique - résultats
Vous n’avez pas pris ce quiz